=LDR 00000nam 2200000 4500 =001 INLIS000000000026406 =005 20130612124841 =008 ***********************************ind** =035 ##$$0010-061300000026406 =041 ##$$a ind =082 ##$$a 500.3 =090 ##$$a 500.3, HAR k =100 ##$$a Haryono, A =245 ##$$a Kamus IPA (Ilmu Pengetahuan Alam), A. Haryono =260 ##$$a 1994 $b Gramedia Pustaka Utama =300 ##$$a lxxxiii, 243 hlm., ilus., 21 cm =650 ##$$a Sains =650 ##$$a Kamus =850 ##$$a NBPNMAT